000 00603nam a2200217 a 4500
001 3353863
005 20180208044706.0
008 860124s1986 flu b 001 0 eng
010 _a 86080176
020 _a0808917706
040 _aDLC
_cDLC
_dDLC
041 _aeng
080 _a616.85
082 0 0 _a616.85 MCL
_219
100 _a9
101 _aPAT
245 0 0 _aSpeech-language pathology and audiology :
_cedited by Robert M. McLauchlin.
504 _aIncludes bibliographies and index.
906 _a7
_bcbc
_corignew
_d3
_eopcn
_f19
_gy-gencatlg
942 _2ddc
_cBK
999 _c42117
_d42117